Statistics for Countries Closest to the Bering Strait

Click here to take the quiz!

General Stats

  • This quiz has been taken 61 times
  • The average score is 17 of 20

Answer Stats

kmAnswermi% Correct
0Russia0
98%
1104Canada690
98%
0United States0
98%
3629China2268
91%
4770Iceland2981
89%
3516Japan2198
89%
4314North Korea2696
88%
4805South Korea3003
88%
6264Denmark3915
86%
3664Norway2290
84%
4314Mongolia2696
84%
4789Sweden2993
84%
5910United Kingdom3694
84%
4650Finland2906
82%
4878Mexico3049
82%
6248Latvia3905
75%
5425Kazakhstan3391
74%
5981Estonia3738
74%
2805Greenland1753
67%
5422Faroe Islands3389
46%

Score Distribution

Percentile by Number Answered

Percent of People with Each Score

Your Score History

You have not taken this quiz